|
|
|
|
| LEADER |
00000nab a2200000 ar4500 |
| 001 |
vtls010116440 |
| 003 |
SK-MaSNL |
| 005 |
20260303184950.0 |
| 008 |
100720c2010 xo ||||||||||||00 b|slo |
| 015 |
|
|
|a SNBRB2010/07
|2 snkbucl
|
| 038 |
|
|
|a SNKBUCL
|
| 040 |
|
|
|a SNKBUCL
|b slo
|c SNKBUCL
|e AACR2
|
| 041 |
0 |
|
|a slo
|
| 044 |
|
|
|a xo
|c SK
|
| 080 |
|
|
|a 658-051
|2 2001
|
| 100 |
1 |
|
|a Matejovič, Róbert,
|d 1967-
|4 ivr
|4 aut
|9 9938
|
| 245 |
1 |
0 |
|a Východ potrebuje Bratislavu
|c Róbert Matejovič, Igor Sidor
|
| 300 |
|
|
|b Fotogr.
|
| 600 |
1 |
7 |
|a Sidor, Igor,
|d 1964-
|2 snkbucl
|9 1215652
|
| 655 |
|
7 |
|a rozhovory
|2 snkbucl
|9 31831
|
| 700 |
1 |
|
|a Sidor, Igor,
|d 1964-
|4 ive
|4 aut
|9 1215652
|
| 773 |
0 |
|
|t Dimenzie
|g Roč. X, č. 5 (2010), s. 6-13
|x 1335-9959
|
| 852 |
|
|
|a SNK
|b KIS3GCP
|
| 958 |
|
|
|a SK
|
| 999 |
|
|
|c 2129065
|d 2130995
|